Cinq plus grands pays par la lettre n° 2 - Statistiques

Statistiques générales
  • Ce quiz a été pris 358 fois
  • Le résultat moyen est 12 sur 20
Statistiques - réponses
pays % Correct
1 Russie
91%
1 Inde
87%
2 Indonésie
78%
3 Iran
76%
5 Italie
74%
1 Pérou
73%
4 Suède
72%
4 Irak
71%
2 Pakistan
71%
5 Roumanie
69%
1 Soudan
66%
3 Somalie
65%
5 Pologne
61%
2 Soudan du Sud
60%
4 Paraguay
51%
3 Papouasie- Nouvelle-Guinée
41%
2 Rép dém du Congo
40%
4 Royaume-Uni
33%
3 République centrafricaine
20%
5 Sahara occidental
1%
Aucun quiz correspondant
Distribution des résultats
% des personnes avec chaque résultat
Percentile par nombre de réponses
Votre historique - résultats
Vous n’avez pas pris ce quiz